000
00207nam a22000857a 4500
008
161213b xxu||||| |||| 00| 0 eng d
100
_9
2023
_a
Doshi.M.D.
245
_a
General Knowledge-III
260
_b
Cordova
_c
2009
999
_c
4895
_d
4895